000 00936nam a2200289Ia 4500
003 OSt
005 20221007121307.0
006 a|||||r|||| 00| 0
007 ta
008 221006b |||||||| |||| 00| 0 eng d
020 _a9781466515291 (hbk)
024 _a190496
037 _b249, 18/03/2014, N R Book Distributors
_cTextual
040 _aBDL
_cBDL
_beng
041 _2eng
_aeng
082 _aI22, Q3 Carb
100 _aBux Faizal Ed.
_9711322
245 0 _aBiotechnological applications of microalgae : biodiesel and value - added products
260 _aBoca
_bRaton CRC
_c2013
300 _axv,239p.
_ccm.
500 _aInclude bibliographical references.; Index 229-239p.
650 _a Biomass energy
_9711323
650 _a Microalge
_9711324
650 _aBotany
942 _hI22, Q3 Carb
_cTEXL
_2CC
999 _c1208685
_d1208685